000 00653nam a2200241Ia 4500
003 OSt
005 20220926000854.0
006 a|||||r|||| 00| 0
007 ta
008 220923b |||||||| |||| 00| 0 eng d
020 _a8178271869
037 _cGeneral Book
040 _aRTL
_cRTL
_beng
041 _2eng
_aeng
082 _aV2:51y7M93:g, P8
100 _aNanduram Ed.
_9303136
245 0 _aAmbedkar, Dalits and Buddhism
260 _a New Delhi
_bJawaharlal Nehru
_c2008
300 _aix, 256p
_ccm.
650 _aSociology
942 _hV2:51y7M93:g, P8
_cGB
_2CC
999 _c599946
_d599946